| 000 | 00589nam a2200193 4500 | ||
|---|---|---|---|
| 001 | 131966 | ||
| 003 | ES-MaACL | ||
| 005 | 20230906194100.0 | ||
| 007 | t| | ||
| 008 | 070214s1978 sp r ||||1| spa d | ||
| 100 | 1 |
_aRoig, Jaume. _999003 |
|
| 245 | 1 | 0 |
_aEspill o libre de les dones / _cper mestre Jaume Roig ; a cura de Marina Gusta ; próleg de Joaquim Bergés. |
| 250 | _a1ª. ed. | ||
| 260 |
_aBarcelona : _bEdicions 62, _c1978. |
||
| 300 |
_a235 p. ; _c19 cm. |
||
| 700 | 1 |
_aGustà, Marina. _961022 |
|
| 700 | 1 |
_aBergés, Joaquim. _927983 |
|
| 852 |
_aES-MaACL _jA-10063 _bR.98667 |
||
| 999 |
_c131966 _d131966 |
||